Normal view
MARC view
Entry Personal Name
001 - CONTROL NUMBER
- control field: 51904
003 - CONTROL NUMBER IDENTIFIER
- control field: OSt
005 - DATE AND TIME OF LATEST TRANSACTION
- control field: 20250328160712.0
008 - FIXED-LENGTH DATA ELEMENTS
- fixed length control field: 250328|| aca||aabn | a|a d
040 ## - CATALOGING SOURCE
- Original cataloging agency: OSt
- Transcribing agency: OSt
100 ## - HEADING--PERSONAL NAME
- Personal name: Cabral, Marika and Dillender, Marcus
670 ## - SOURCE DATA FOUND
- Source citation: Work cat.: (OSt)525953: Cabral, Marika and Dillender, Marcus , Gender differences in medical evaluations: Evidence from randomly assigned doctors
